000 00464nam a2200193Ia 4500
003 0100
008 130303s9999 xx 000 0 und d
040 _cARRUPELIB
050 _aJC73.A31960
100 _aAgard, Walter Raymond
245 _aWhat democracy meant to the Greeks
260 _aMadison
260 _bUniversity of Winsconsin Press
260 _C1960
300 _a278 p.
300 _b 19 cm
700 _aWalter Raymond Agard
942 0 0 _05
999 _c47301
_d47301